Eléments de Mathématique: fonctions d' une variable rèelle

Guardat en:
Dades bibliogràfiques
Autor principal: Bourbaki, Nicolás
Format: Llibre
Idioma:francès
Publicat: París, Francia Hermann 1961
Edició:Segunda edición
Col·lecció:Actualités Scientifiques et Industrielles. 1132
Matèries:
Etiquetes: Afegir etiqueta
Sense etiquetes, Sigues el primer a etiquetar aquest registre!

MARC

LEADER 00000nam a2200000 a 4500
001 UCP0594
003 CL-VaPUC
005 20250224114538.0
008 990313e19610000FR |||||||||||||||||fre|d
999 |c 279357  |d 279355 
040 |c Pontificia Universidad Católica de Valparaíso 
082 0 4 |a 515.93 BOU 1961  |2 21 
100 0 |a Bourbaki, Nicolás  |9 425958 
245 1 0 |a Eléments de Mathématique: fonctions d' une variable rèelle 
250 |a Segunda edición 
260 0 3 |a París, Francia  |b Hermann  |c 1961 
300 |a 200 páginas 
490 0 |a Actualités Scientifiques et Industrielles.  |v 1132 
505 |a Chapitre 4, 5, 6, et 7: Equations différentielles, études locale des fonctions, développements tayloriens généralisés, formule sommatoire D'euler-Maclauren, la fonction gamma 
583 |a last modification  |c 19990313 00:00:00  |k Rodrigo Vera 
650 0 |a Funciones de variables reales  |9 304566 
650 0 |a Funciones analíticas  |9 270036 
650 0 |a Variables reales  |9 359780 
650 0 |a Ecuaciones diferenciales  |9 260083 
650 7 |a FUNCION GAMMA  |2 CL-VaPUC  |9 425403 
650 0 |a Funciones trigonométricas   |9 421678 
650 0 |a Análisis complejo   |9 260214 
650 0 |a Números complejos  |9 270335 
942 |c BK  |2 ddc 
945 |d 19990313 00:00:00  |a crobeson 
952 |0 0  |1 0  |2 ddc  |4 0  |6 515_930000000000000_BOU_1961  |7 0  |8 A  |9 318448  |a BIBMAT  |b BIBMAT  |d 2019-11-20  |i 1322508  |o 515.93 BOU 1961  |p 1322508  |r 2025-01-07  |t 1  |w 2019-11-20  |y BK  |k MAT 
952 |0 0  |1 0  |2 ddc  |4 0  |6 515_930000000000000_BOU_1961  |7 0  |8 A  |9 318449  |a BIBMAT  |b BIBMAT  |d 2019-11-20  |i 1322559  |o 515.93 BOU 1961  |p 1322559  |r 2025-01-07  |t 2  |w 2019-11-20  |y BK  |k MAT